000 00609nam a2200217 a 4500
999 _c3069
_d3069
001 3069
003 BD-JhCC
005 20171111183256.0
008 171109s1966 bg |||| ||a| 000 0 ben d
035 _a(BD-JhCC)3069
040 _aBD-JhCC
_dBD-JhCC
041 _aben
082 _a891.442
_bABU 1966
100 _aফজল, আবুল
245 _aস্বয়ম্বরা /
_cআবুল ফজল
260 _aঢাকা :
_bনওরোজ কিতাবিস্তান,
_c১৯৬৬.
300 _a211 p. :
_c20 cm.
650 _aBengali Drama
942 _2ddc
_cBK